| 000 | 01088nma a22002417a 4500 | ||
|---|---|---|---|
| 005 | 20210325190619.0 | ||
| 006 | g q || | ||
| 008 | s2545 th thaeng | ||
| 041 | _athaeng | ||
| 090 | _aOCD79 | ||
| 245 | 1 | 0 | _aฝ่าวิกฤติสงครามก่อการร้าย : ตอนที่ 4 อำนาจก่อการร้ายในประเทศ [CD-ROM] |
| 260 | 3 |
_aกรุงเทพฯ : _bแมงป่อง, _c2545 |
|
| 300 | _a1 แผ่นSoundColour | ||
| 650 | 0 | 4 | _aการก่อการร้าย -- วิจัย |
| 650 | 0 | 4 | _aความรุนแรงทางการเมือง |
| 650 | 0 | 4 | _aความรุนแรงภายในประเทศ |
| 650 | 0 | 4 | _aรัฐกับการปราบปรามผู้ชุมนุม |
| 650 | 0 | 4 | _aอำนาจรัฐกับการเรียกร้องทางการเมือง |
| 850 | _aNALT | ||
| 942 | _cCD | ||
| 997 |
_c000000000025958 _kVC |
||
| 998 | _aSANG-AROON ANU-KRAUGH | ||
| 999 |
_c25958 _d25958 |
||